[Event "Niederbayernliga 1516"]
[Site "Bayern"]
[Date "2015.11.15"]
[Round "3.2"]
[White "Siemens, Andreas"]
[Black "Bacholke, Michael"]
[Result "1-0"]
[WhiteElo "1920"]
[BlackElo "1890"]
[PlyCount "103"]
[EventDate "2015.10.11"]
[EventType "team-tourn"]
[EventRounds "9"]
[EventCountry "GER"]
[SourceTitle "EXT 2023"]
[Source "ChessBase"]
[SourceDate "2022.10.05"]
[SourceVersion "1"]
[SourceVersionDate "2022.10.05"]
[SourceQuality "1"]
[WhiteTeam "Rottal II"]
[BlackTeam "Deggendorf II"]
[WhiteTeamCountry "GER"]
[BlackTeamCountry "GER"]

1. Nf3 g6 2. c4 c5 3. Nc3 Bg7 4. g3 Nc6 5. Bg2 d6 6. 0-0 Be6 7. d3 Qd7 8. Bd2 Bh3 9. a3 h5 10. Bxh3 Qxh3 11. Ng5 Qd7 12. e3 Nf6 13. Rb1 Qg4 14. Qxg4 hxg4 15. f4 0-0 16. b4 b6 17. b5 Nb8 18. f5 gxf5 19. Rxf5 Nbd7 20. Kf1 e6 21. Rf2 d5 22. cxd5 exd5 23. Rf5 Rad8 24. Ke2 Rfe8 25. Rbf1 Re5 26. Rxe5 Nxe5 27. Rf5 Ng6 28. e4 dxe4 29. Ncxe4 Re8 30. Be3 Nxe4 31. Nxe4 Re6 32. Rd5 Re8 33. Rd7 Bd4 34. Rxd4 cxd4 35. Nf6+ Kf8 36. Nxe8 Kxe8 37. Bxd4 Kd7 38. a4 Kd6 39. a5 bxa5 40. Bxa7 Ne5 41. Ke3 a4 42. d4 Nf3 43. Bc5+ Kd5 44. b6 Kc6 45. h4 a3 46. Bxa3 Kxb6 47. Bc5+ Kc6 48. Kf4 Kd5 49. Kxg4 Nxd4 50. Bxd4 Kxd4 51. h5 Ke5 52. Kg5 1-0

[Event "Niederbayernliga 1415"]
[Site "Bayern"]
[Date "2015.04.12"]
[Round "9.2"]
[White "Kasten, Marcel"]
[Black "Bacholke, Michael"]
[Result "0-1"]
[WhiteElo "2004"]
[BlackElo "1872"]
[PlyCount "80"]
[EventDate "2014.10.19"]
[EventType "team-tourn"]
[EventRounds "9"]
[EventCountry "GER"]
[SourceTitle "EXT 2023"]
[Source "ChessBase"]
[SourceDate "2022.10.05"]
[SourceVersion "1"]
[SourceVersionDate "2022.10.05"]
[SourceQuality "1"]
[WhiteTeam "Straubing JVA"]
[BlackTeam "Deggendorf II"]
[WhiteTeamCountry "GER"]
[BlackTeamCountry "GER"]

1. Nf3 c5 2. e4 g6 3. Bc4 Bg7 4. c3 Nc6 5. d4 Qb6 6. dxc5 Qxc5 7. Qd5 Qxd5 8. Bxd5 Nf6 9. Bxc6 dxc6 10. e5 Nd5 11. h3 0-0 12. 0-0 c5 13. Nbd2 b6 14. a3 Rd8 15. Ne4 Bf5 16. Ng3 Bc2 17. c4 Nc7 18. b4 Ne6 19. Be3 Nd4 20. Bxd4 cxd4 21. Rfe1 Rac8 22. Nd2 Bh6 23. Rec1 d3 24. Ngf1 Bf4 25. Re1 b5 26. c5 Rd5 27. Ne3 Rxe5 28. Nxc2 dxc2 29. Rxe5 Bxe5 30. Rc1 Bb2 31. Rxc2 Bxa3 32. Nb3 Bxb4 33. Ra2 a5 34. Nxa5 Ra8 35. Nc6 Rxa2 36. Nxb4 Ra1+ 37. Kh2 Rc1 38. c6 Kf8 39. Kg3 Ke8 40. Kf3 Rc4 0-1

[Event "GER Cup18 E/V05 email"]
[Site "GER email"]
[Date "2013.??.??"]
[Round "?"]
[White "Brandl, Alexander"]
[Black "Bacholke, Michael"]
[Result "0-1"]
[WhiteElo "1952"]
[BlackElo "1843"]
[PlyCount "68"]
[EventDate "2014.??.??"]
[EventType "tourn (corr)"]
[EventRounds "4"]
[EventCountry "GER"]
[SourceTitle "Corr 2015"]
[Source "ChessBase"]
[SourceDate "2015.07.17"]
[SourceVersion "1"]
[SourceVersionDate "2015.07.17"]
[SourceQuality "1"]

1. d4 Nf6 2. Nf3 d6 3. h3 g6 4. Bf4 Bg7 5. e3 0-0 6. c4 c5 7. Nc3 Qa5 8. Qd2 cxd4 9. exd4 e5 10. Be3 Nc6 11. d5 Ne7 12. Be2 Nf5 13. 0-0 Nxe3 14. Qxe3 Bf5 15. a3 Qb6 16. Qxb6 axb6 17. g4 Bd7 18. Kg2 h6 19. Nd2 Ne8 20. f4 f5 21. fxe5 Bxe5 22. Rac1 Nf6 23. gxf5 Bxf5 24. Nf3 Rae8 25. Nxe5 Rxe5 26. Bf3 Bd3 27. Rfe1 Rg5+ 28. Kf2 Bxc4 29. Rg1 Rxg1 30. Kxg1 Kg7 31. Re1 Re8 32. Rxe8 Nxe8 33. Kf2 Kf6 34. Ke3 Ke5 0-1

[Event "Regionalliga SO 1011"]
[Site "Bayern"]
[Date "2010.10.24"]
[Round "2.8"]
[White "Bacholke, Michael"]
[Black "Schied, Daniel"]
[Result "1-0"]
[WhiteElo "1871"]
[BlackElo "1432"]
[PlyCount "69"]
[EventDate "2010.10.10"]
[EventType "team-tourn"]
[EventRounds "9"]
[EventCountry "GER"]
[SourceTitle "EXT 2012"]
[Source "ChessBase"]
[SourceDate "2011.11.24"]
[SourceVersion "1"]
[SourceVersionDate "2011.11.24"]
[SourceQuality "1"]
[WhiteTeam "Deggendorf"]
[BlackTeam "Straubing"]
[WhiteTeamCountry "GER"]
[BlackTeamCountry "GER"]

1. e4 e5 2. Nf3 Nf6 3. Nc3 Nc6 4. g3 d6 5. Bg2 Bg4 6. h3 Bh5 7. g4 Bg6 8. d3 Be7 9. Be3 h6 10. Qd2 Qd7 11. Nd5 Nxd5 12. exd5 Nd8 13. Ng1 f5 14. gxf5 Qxf5 15. Be4 Qf6 16. Ne2 Bxe4 17. dxe4 Qf3 18. 0-0-0 Qxe4 19. Nc3 Qf5 20. Rhg1 g5 21. Rg4 Nf7 22. Rc4 Qd7 23. Qd3 a6 24. Qg6 Rf8 25. Rh1 0-0-0 26. Bb6 c5 27. dxc6 bxc6 28. Bxd8 Kxd8 29. Ra4 Qb7 30. Rd1 Kc7 31. Qe6 Kd8 32. Qc4 d5 33. Rxa6 Kc7 34. Nxd5+ Kd6 35. Rxc6+ 1-0

[Event "Deggendorf op 3rd"]
[Site "Deggendorf"]
[Date "2010.09.04"]
[Round "2"]
[White "Lenhard, Alexander"]
[Black "Bacholke, Michael"]
[Result "0-1"]
[WhiteElo "1294"]
[BlackElo "1887"]
[PlyCount "64"]
[EventDate "2010.09.03"]
[EventType "swiss"]
[EventRounds "5"]
[EventCountry "GER"]
[SourceTitle "CBM 138 Extra"]
[Source "ChessBase"]
[SourceDate "2010.10.29"]
[SourceVersion "1"]
[SourceVersionDate "2010.10.29"]
[SourceQuality "1"]

1. e4 Nc6 2. Nf3 e5 3. d4 exd4 4. Nxd4 Bc5 5. Nxc6 Qf6 6. f3 bxc6 7. Nc3 Ne7 8. Qe2 0-0 9. Be3 Ba6 10. Qf2 Bxe3 11. Qxe3 Bxf1 12. Rxf1 Qh4+ 13. Qf2 Qxh2 14. 0-0-0 Qf4+ 15. Rd2 Rfd8 16. g3 Qh6 17. f4 d5 18. Rfd1 Qf6 19. exd5 cxd5 20. Nxd5 Nxd5 21. Rxd5 Rxd5 22. Rxd5 g6 23. Rd7 Qb6 24. Qf1 Qe3+ 25. Kd1 Qxg3 26. Qc4 Qg4+ 27. Ke1 Qxd7 28. Kf2 Re8 29. b4 Qd2+ 30. Kg3 Re3+ 31. Kg4 Qg2+ 32. Kh4 Qg3# 0-1

[Event "Deggendorf op 3rd"]
[Site "Deggendorf"]
[Date "2010.09.03"]
[Round "1"]
[White "Bacholke, Michael"]
[Black "Keough, Robert W"]
[Result "0-1"]
[WhiteElo "1887"]
[BlackElo "2103"]
[PlyCount "52"]
[EventDate "2010.09.03"]
[EventType "swiss"]
[EventRounds "5"]
[EventCountry "GER"]
[SourceTitle "CBM 138 Extra"]
[Source "ChessBase"]
[SourceDate "2010.10.29"]
[SourceVersion "1"]
[SourceVersionDate "2010.10.29"]
[SourceQuality "1"]

1. e4 c5 2. Nf3 a6 3. c4 d6 4. d4 cxd4 5. Nxd4 Nf6 6. Nc3 e6 7. Be2 Be7 8. 0-0 0-0 9. Be3 Nc6 10. Rc1 Bd7 11. f4 Nxd4 12. Bxd4 Bc6 13. Bf3 Nd7 14. Nd5 Bh4 15. g3 Bf6 16. Nxf6+ Nxf6 17. Re1 Qe7 18. Rc3 e5 19. Bf2 exf4 20. gxf4 Nxe4 21. Bxe4 Bxe4 22. Rg3 f5 23. Bd4 Rf7 24. Qh5 Rc8 25. Kf2 Rxc4 26. Bc3 d5 0-1

[Event "Regionalliga SO 0910"]
[Site "Bayern"]
[Date "2010.04.11"]
[Round "9.8"]
[White "Boes, Christoph"]
[Black "Bacholke, Michael"]
[Result "0-1"]
[WhiteElo "1874"]
[BlackElo "1885"]
[PlyCount "84"]
[EventDate "2009.10.18"]
[EventType "team-tourn"]
[EventRounds "9"]
[EventCountry "GER"]
[SourceTitle "EXT 2011"]
[Source "ChessBase"]
[SourceDate "2010.11.26"]
[SourceVersion "1"]
[SourceVersionDate "2010.11.26"]
[SourceQuality "1"]
[WhiteTeam "Pang/Rosenheim II"]
[BlackTeam "Deggendorf"]
[WhiteTeamCountry "GER"]
[BlackTeamCountry "GER"]

1. e4 e5 2. Nf3 Nc6 3. Bc4 Bc5 4. c3 Qe7 5. 0-0 Nf6 6. d4 Bb6 7. Re1 d6 8. h3 0-0 9. Bg5 h6 10. Bh4 Kh8 11. Qd2 Rg8 12. Qd1 g5 13. Bg3 g4 14. hxg4 Bxg4 15. Qd2 Bxf3 16. Qxh6+ Nh7 17. gxf3 exd4 18. Kg2 Ne5 19. Rh1 Rg7 20. Bf1 Re8 21. cxd4 Nxf3 22. Nc3 Nxd4 23. Bd3 Qe6 24. Qh4 Kg8 25. Nd5 c6 26. Ne3 Qf6 27. Qh5 Re5 28. Nf5 Nxf5 29. exf5 Rd5 30. Rae1 Re5 31. Rxe5 dxe5 32. Bc4 e4 33. Re1 Qd4 34. Qe2 Nf6 35. Rd1 Qc5 36. Kf1 Qxf5 37. Kg2 Ng4 38. Rd2 Nxf2 39. Rd8+ Bxd8 40. Qxf2 Qxf2+ 41. Kxf2 Bb6+ 42. Kg2 Bc7 0-1

[Event "Deggendorf op 2nd"]
[Site "Deggendorf"]
[Date "2008.05.18"]
[Round "4"]
[White "Bacholke, Michael"]
[Black "Wanninger, Carl"]
[Result "1/2-1/2"]
[WhiteElo "1915"]
[BlackElo "1566"]
[PlyCount "51"]
[EventDate "2008.05.16"]
[EventType "swiss"]
[EventRounds "5"]
[EventCountry "GER"]
[SourceTitle "CBM 124 Extra"]
[Source "ChessBase"]
[SourceDate "2008.07.03"]
[SourceVersion "1"]
[SourceVersionDate "2008.07.03"]
[SourceQuality "1"]

1. e4 d5 2. exd5 Nf6 3. d4 Nxd5 4. c4 Nf6 5. Nc3 Nc6 6. d5 Ne5 7. Bf4 Ng6 8. Bg3 e6 9. Qa4+ Bd7 10. Qb3 exd5 11. cxd5 Qe7+ 12. Be2 Qb4 13. Bxc7 Rc8 14. Bg3 Qxb3 15. axb3 Bb4 16. 0-0-0 Bxc3 17. bxc3 Rxc3+ 18. Kb2 Rc8 19. Bf3 0-0 20. Ne2 Rfe8 21. Nd4 Ne5 22. Bxe5 Rxe5 23. Rhe1 Rxe1 24. Rxe1 Kf8 25. d6 b6 26. Re3 1/2-1/2

[Event "Deggendorf op 2nd"]
[Site "Deggendorf"]
[Date "2008.05.17"]
[Round "3"]
[White "Ammerl, Christian"]
[Black "Bacholke, Michael"]
[Result "1/2-1/2"]
[WhiteElo "1559"]
[BlackElo "1915"]
[PlyCount "113"]
[EventDate "2008.05.16"]
[EventType "swiss"]
[EventRounds "5"]
[EventCountry "GER"]
[SourceTitle "CBM 124 Extra"]
[Source "ChessBase"]
[SourceDate "2008.07.03"]
[SourceVersion "1"]
[SourceVersionDate "2008.07.03"]
[SourceQuality "1"]

1. c4 c5 2. e4 Nc6 3. Nf3 e6 4. Nc3 Nf6 5. d3 d5 6. e5 d4 7. exf6 dxc3 8. fxg7 Bxg7 9. Rb1 Qa5 10. bxc3 Bxc3+ 11. Bd2 Bxd2+ 12. Qxd2 Qxd2+ 13. Kxd2 b6 14. Rg1 Bb7 15. Kc3 f6 16. Nd2 Rd8 17. Ne4 Nb4 18. Nxf6+ Ke7 19. a3 Nxd3 20. Bxd3 Kxf6 21. g4 Rd4 22. Rbe1 h6 23. h4 Rg8 24. g5+ hxg5 25. hxg5+ Rxg5 26. Rxg5 Kxg5 27. Rxe6 Rd7 28. Rg6+ Kf4 29. Rf6+ Ke5 30. Rf8 Ke6 31. f4 Ke7 32. Rh8 Bf3 33. Rh7+ Kd6 34. Rh6+ Kc7 35. f5 Rf7 36. Kd2 Bg4 37. f6 Kd6 38. Rg6 Be6 39. Rg7 Ke5 40. Rxf7 Bxf7 41. Ke3 Kxf6 42. Kf4 Bh5 43. Bf1 Bd1 44. Bd3 Bb3 45. Bf1 Ke6 46. Bd3 Kd6 47. Kf5 b5 48. cxb5 c4 49. Bb1 Kc5 50. Ke5 Kxb5 51. Kd4 Ka4 52. Kc3 Kxa3 53. Be4 Ka4 54. Bc6+ Ka3 55. Bb5 a5 56. Bxc4 a4 57. Bb5 1/2-1/2

[Event "Liechtenstein op 26th"]
[Site "Triesen"]
[Date "2008.05.02"]
[Round "8"]
[White "Bacholke, Michael"]
[Black "Strasser, Josef1111"]
[Result "1/2-1/2"]
[WhiteElo "2099"]
[BlackElo "1923"]
[PlyCount "45"]
[EventDate "2008.04.25"]
[EventType "swiss"]
[EventRounds "9"]
[EventCountry "LIE"]
[SourceTitle "CBM 123 Extra"]
[Source "ChessBase"]
[SourceDate "2008.05.06"]
[SourceVersion "1"]
[SourceVersionDate "2008.05.06"]
[SourceQuality "1"]

1. e4 c6 2. d4 d5 3. e5 Bf5 4. c4 e6 5. Nc3 Ne7 6. a3 dxc4 7. Bxc4 Nd5 8. Nge2 Be7 9. 0-0 0-0 10. Ng3 Bg6 11. f4 f5 12. exf6 Bxf6 13. f5 exf5 14. Kh1 Kh8 15. Nxf5 Ne7 16. Nxe7 Qxe7 17. Bf4 Nd7 18. Qd2 Nb6 19. Bb3 Bf7 20. Rae1 Qd7 21. Bxf7 Rxf7 22. Bg5 Raf8 23. Bxf6 1/2-1/2

[Event "Niederbayernliga 0607"]
[Site "Germany"]
[Date "2006.??.??"]
[Round "2.6"]
[White "Bacholke, Michael"]
[Black "Bachheibl, Robert"]
[Result "1-0"]
[WhiteElo "1881"]
[BlackElo "1694"]
[PlyCount "69"]
[EventDate "2006.??.??"]
[EventType "team"]
[EventRounds "9"]
[EventCountry "GER"]
[SourceTitle "EXT 2008"]
[Source "ChessBase"]
[SourceDate "2007.11.25"]
[SourceVersion "1"]
[SourceVersionDate "2007.11.25"]
[SourceQuality "1"]
[WhiteTeam "Deggendorf"]
[BlackTeam "Eggenfelden"]
[WhiteTeamCountry "GER"]
[BlackTeamCountry "GER"]

1. e4 c5 2. Nf3 d6 3. d4 cxd4 4. Nxd4 e6 5. Nc3 a6 6. f4 Qc7 7. Be3 Nf6 8. Qf3 Be7 9. g4 Nc6 10. g5 Nd7 11. h4 Rb8 12. h5 b5 13. Bd3 Nc5 14. 0-0 b4 15. Nce2 0-0 16. Qg3 Bb7 17. Nb3 Nd7 18. Qg2 a5 19. Ng3 a4 20. Nd2 Kh8 21. Qh3 Bc8 22. Rf2 Qd8 23. Qf1 Ra8 24. Nf3 f6 25. g6 h6 26. Qc1 Ra5 27. f5 Nde5 28. Nxe5 Nxe5 29. Be2 Qc7 30. Bxh6 Rc5 31. Bxg7+ Kxg7 32. h6+ Kg8 33. h7+ Kh8 34. Qh6 Bd8 35. Qxf8# 1-0

[Event "Niederbayernliga 0506"]
[Site "Germany"]
[Date "2005.??.??"]
[Round "2"]
[White "Bacholke, Michael"]
[Black "Niedermeier, Johann"]
[Result "1/2-1/2"]
[WhiteElo "1873"]
[BlackElo "1748"]
[PlyCount "80"]
[EventDate "2005.??.??"]
[EventType "team"]
[EventRounds "9"]
[EventCountry "GER"]
[SourceTitle "EXT 2008"]
[Source "ChessBase"]
[SourceDate "2007.11.25"]
[SourceVersion "1"]
[SourceVersionDate "2007.11.25"]
[SourceQuality "1"]
[WhiteTeam "Deggendorf"]
[BlackTeam "Geiselhoering"]
[WhiteTeamCountry "GER"]
[BlackTeamCountry "GER"]

1. e4 e5 2. Nf3 Nc6 3. Bb5 d6 4. c3 Bd7 5. 0-0 Be7 6. Re1 Nf6 7. d3 0-0 8. Ba4 a6 9. Nbd2 Qc8 10. Nf1 Nd8 11. Bb3 c5 12. Ng3 b5 13. d4 exd4 14. cxd4 c4 15. Bc2 Nc6 16. Bf4 Bg4 17. Nf5 Qd7 18. Qd2 Bxf5 19. exf5 Nd5 20. Bg3 Bf6 21. Rad1 Rad8 22. a3 Nce7 23. Be4 Rfe8 24. Bh4 Bxh4 25. Nxh4 Nf6 26. Qf4 Ned5 27. Qf3 Nxe4 28. Rxe4 Nf6 29. Re3 d5 30. Re5 Re7 31. g4 Ne4 32. Ng2 f6 33. Rxe7 Qxe7 34. Nf4 Ng5 35. Qe3 Qxe3 36. fxe3 Kf7 37. Kf2 Ne4+ 38. Kf3 Ng5+ 39. Kf2 Ne4+ 40. Kf3 Ng5+ 1/2-1/2

[Event "Niederbayernliga 0405"]
[Site "Germany"]
[Date "2005.??.??"]
[Round "5"]
[White "Bacholke, Michael"]
[Black "Schmidbauer, Josef"]
[Result "1/2-1/2"]
[WhiteElo "1882"]
[BlackElo "1663"]
[PlyCount "80"]
[EventDate "2004.??.??"]
[EventType "team"]
[EventRounds "9"]
[EventCountry "GER"]
[SourceTitle "EXT 2008"]
[Source "ChessBase"]
[SourceDate "2007.11.25"]
[SourceVersion "1"]
[SourceVersionDate "2007.11.25"]
[SourceQuality "1"]
[WhiteTeam "Deggendorf"]
[BlackTeam "Freyung"]
[WhiteTeamCountry "GER"]
[BlackTeamCountry "GER"]

1. e4 c5 2. Nf3 Nc6 3. c3 e6 4. Bb5 a6 5. Bxc6 dxc6 6. 0-0 Nf6 7. e5 Nd5 8. d4 cxd4 9. cxd4 Be7 10. Nbd2 c5 11. dxc5 Bxc5 12. Ne4 Be7 13. Bg5 0-0 14. Qb3 b5 15. Rfd1 Bb7 16. Nd6 Bxg5 17. Nxb7 Qd7 18. Nxg5 Qxb7 19. Qh3 h6 20. Nxe6 Rfe8 21. Nc5 Qc6 22. Nd3 Ne7 23. Rac1 Qe4 24. Re1 Qd4 25. Qe3 Qh4 26. f4 Nd5 27. Qf3 Rad8 28. Red1 f5 29. Qf2 Qg4 30. g3 Qh5 31. Kg2 Nb4 32. Qe3 Nxa2 33. Ra1 Nb4 34. Nxb4 Rxd1 35. Qb3+ Rd5 36. Qxd5+ Kh8 37. Rxa6 Qe2+ 38. Kh3 Qg4+ 39. Kg2 Qe2+ 40. Kh3 Qg4+ 1/2-1/2

[Event "Niederbayernliga 0304"]
[Site "Germany"]
[Date "2004.??.??"]
[Round "6"]
[White "Fruehauf, Norbert"]
[Black "Bacholke, Michael"]
[Result "1-0"]
[WhiteElo "1916"]
[BlackElo "1851"]
[PlyCount "87"]
[EventDate "2003.??.??"]
[EventType "team"]
[EventRounds "9"]
[EventCountry "GER"]
[SourceTitle "EXT 2008"]
[Source "ChessBase"]
[SourceDate "2007.11.25"]
[SourceVersion "1"]
[SourceVersionDate "2007.11.25"]
[SourceQuality "1"]
[WhiteTeam "Simbach"]
[BlackTeam "Deggendorf II"]
[WhiteTeamCountry "GER"]
[BlackTeamCountry "GER"]

1. e4 e5 2. Nf3 Nc6 3. Bb5 Nf6 4. 0-0 Bc5 5. Qe2 0-0 6. c3 d6 7. h3 Qe7 8. d3 h6 9. Nbd2 a6 10. Bxc6 bxc6 11. Rd1 Re8 12. Nf1 Bb6 13. Ng3 d5 14. Be3 Bd7 15. Bxb6 cxb6 16. Rd2 g6 17. Re1 dxe4 18. dxe4 c5 19. Red1 Kg7 20. Rd6 Red8 21. Qd2 Rab8 22. h4 Rb7 23. h5 Rf8 24. hxg6 fxg6 25. Nh4 Kh7 26. Qe2 Bc8 27. Qxa6 Ra7 28. Qxb6 Rxa2 29. Qb3 Ra7 30. Qc2 Rd7 31. R6d3 Rfd8 32. Qe2 Rxd3 33. Rxd3 Be6 34. Qd1 Bb3 35. Qd2 Nxe4 36. Nxe4 Rxd3 37. Qxd3 Qxh4 38. Qd7+ Kg8 39. Qe8+ Kg7 40. Qxe5+ Kg8 41. Nxc5 Bf7 42. Ne4 Qd8 43. Nd6 Qa8 44. Qf6 1-0

[Event "Niederbayernliga 0203"]
[Site "Germany"]
[Date "2003.??.??"]
[Round "6.2"]
[White "Bacholke, Michael"]
[Black "Koelbl, Stefan"]
[Result "0-1"]
[WhiteElo "1869"]
[BlackElo "1656"]
[PlyCount "72"]
[EventDate "2002.??.??"]
[EventType "team"]
[EventRounds "9"]
[EventCountry "GER"]
[SourceTitle "EXT 2008"]
[Source "ChessBase"]
[SourceDate "2007.11.25"]
[SourceVersion "1"]
[SourceVersionDate "2007.11.25"]
[SourceQuality "1"]
[WhiteTeam "Deggendorf II"]
[BlackTeam "Pocking"]
[WhiteTeamCountry "GER"]
[BlackTeamCountry "GER"]

1. e4 g6 2. d4 Bg7 3. Nc3 d6 4. Be2 Nf6 5. e5 dxe5 6. dxe5 Nfd7 7. f4 c5 8. Nf3 Nc6 9. 0-0 0-0 10. Be3 e6 11. Ne4 Qb6 12. Nd6 Rd8 13. Ng5 Ndxe5 14. fxe5 Nxe5 15. Nxc8 Raxc8 16. Qc1 f5 17. Rb1 h6 18. Nf3 Ng4 19. Bc4 Kh7 20. c3 e5 21. h3 Nxe3 22. Qxe3 Rd6 23. Rbd1 Rxd1 24. Rxd1 Qxb2 25. Nxe5 Re8 26. Rd7 b5 27. Bd5 b4 28. Qg3 g5 29. Ng4 fxg4 30. hxg4 Qc1+ 31. Kh2 Qxc3 32. Qxc3 bxc3 33. Bb3 Re2 34. Rd1 Bd4 35. Rc1 Kg7 36. Rc2 Rxc2 0-1